| 000 | 01786nam2a2200253 4500 | ||
|---|---|---|---|
| 001 | RU\NLR\BIBL_A\011509940 | ||
| 005 | 20250626082329.0 | ||
| 010 | _a978-5-87818-530-1 | ||
| 021 |
_aRU _b2017-75208 _95358 |
||
| 035 | _a(RuMoRGB)009411893 | ||
| 035 | _a(NLR Aleph) 011509940 | ||
| 090 |
_a12040532 _c12040532 |
||
| 100 | _a20171030d2017 |||y0rusy50 ca | ||
| 101 | 0 |
_arus _aeng |
|
| 102 | _aRU | ||
| 105 | _ay z 100zy | ||
| 200 | 0 | _aЧ. 1 | |
| 215 | _a343 с. | ||
| 461 | 0 |
_1001RU\NLR\BIBL_A\011509936 _12001#$aСовременная наука: теория и проблемы практического применения$eматериалы всероссийской студенческой очно-заочной научно-практической конференции с международном участием$e[в 3 частях$fответственный редактор: канд. пед. наук, доцент О.В. Крежевских]$vЧ. 1 _912040511 _cШадринск _d2017 _fответственный редактор: канд. пед. наук, доцент О.В. Крежевских] _nФГБОУ ВО "Шадринский государственный педагогический университет" _oматериалы всероссийской студенческой очно-заочной научно-практической конференции с международным участием : [в 3 частях _p29 _tСовременная наука: теория и проблемы практического применения _vЧ. 1 |
|
| 942 | _cBOOK | ||
| 980 | _aNB | ||